000 00856nam a22002897a 4500
003 CHAP
005 20220329134631.0
008 971013s1907 r 00010 d
010 _a23341
011 _a24313
035 _a28412
040 _cCHAP
090 _aFolleto 6033
100 0 0 _aChávez, Eduardo.
_922801
245 _aApicultura
260 _aMéxico, D.F. :
_bEstación Agrícola Experimental de Rioverde, S.L.P.,
_c1907
300 _a12 p
590 _aBATCH-UPD
_b10
_c20130110
_lUCH01
_h0044
590 _aBATCH-UPD
_b10
_c20130110
_lUCH01
_h2029
590 _aBATCH-UPD
_b10
_c20130409
_lUCH01
_h2030
590 _aBATCH-UPD
_b10
_c20130914
_lUCH01
_h0927
590 _aCONVERSION
_b10
_c20130109
_lUCH01
_h1314
650 1 4 _aApicultura.
_96241
901 _aBK
942 _cFOLL
949 _aFolleto 6033
_bBC
_cBPP
_d-65566
_eBPP
_i28412
_mD
_si
999 _c23341
_d23341